000 00647nam a22002417a 4500
003 UA-OsUOA
001 121553
007 ta
008 20170322b un ||||| |||| 00| 0 ukr d
100 _aГранин Д.
090 _a821.161.1
_bГ77
942 _cBK
040 _aUA-OsUOA
_brus
_cUA-OsUOA
_dUA-OsUOA
245 _aЗубр
_bповесть
300 _a288 с.
955 _a3
041 _arus
080 _a821.161.1
591 _aДімаров А.
260 _aЛенинград
_bСоветский писатель
_c1987
650 7 _a82 Література. Літературознавство
_2UDC
999 _c407666
_d407666